000
00255nam a22001217a 4500
008
171219b xxu||||| |||| 00| 0 eng d
041
_a
eng
080
_a
94
100
_a
17
101
_a
HIS
245
_a
FOR EASTERN HISTORY
_c
WALTZ,E
942
_2
udc
_c
BK
999
_c
39179
_d
39179